| Поле | Инд. | ПП | Название | Значение |
|---|---|---|---|---|
| Тип записи | a | |||
| Библиографический уровень | m | |||
| 001 | _ | Контрольный номер | RU\infra-m\znanium\bibl\872675 | |
| 003 | _ | Постоянный идентификатор записи | https://znanium.com/catalog/document?id=250483 | |
| 005 | _ | Дата корректировки | 20240903131311.7 | |
| 010 | a | ISBN | 978-5-16-105735-3 | |
| b | Уточнения | электр. издание | ||
| 100 | a | Данные общей обработки | 20190327d2017 m y0rusy0150 ca | |
| 101 | 0_ | a | Язык текста | rus |
| 102 | a | Страна публикации | RU | |
| 200 | 1_ | a | Заглавие | Сущностные характеристики судебной власти |
| e | Сведения, относящиеся к заглавию | Монография | ||
| f | Первые сведения об ответственности | Московский государственный юридический университет им. О.Е. Кутафина | ||
| 205 | a | Основные сведения об издании | 1 | |
| 210 | 1_ | a | Место издания | Москва |
| c | Издательство | ООО "Юридическое издательство Норма" | ||
| d | Дата издания | 2017 | ||
| 215 | a | Объем | 160 с. | |
| 330 | a | Аннотация | Настоящая монография посвящена исследованию теоретических основ судебной власти. В ней рассматривается генезис судебной власти. Выявляются некоторые закономерности развития и предлагается типология судебной власти. Анализируется современный независимо-контролирующий (сдерживающий) тип судебной власти. Рассматриваются сущностные характеристики судебной власти: ее властная государственно-атрибутивная и арбитральная природа. Выявляются и анализируются общие и специальные свойства судебной власти. Монография предназначена для аспирантов научных и практических работников интересующихся проблемами становления в России самостоятельной и независимой судебной власти а также для преподавателей юридических вузов и студентов изучающих судебную власть в курсах «Теория государства и права» «Правоохранительные органы». «Конституционное право» «Уголовный процесс». | |
| 606 | a | Основная рубрика | Право. Юридические науки | |
| x | Основная подрубрика | Судебная система | ||
| 2 | Код системы | local | ||
| 608 | a | Жанр/форма | Монография | |
| 2 | Код системы | local | ||
| 675 | a | Индекс УДК | 342 | |
| z | Язык издания | rus | ||
| 686 | a | Систематический индекс | 6771 | |
| 2 | Код системы | rubbk | ||
| 686 | a | Систематический индекс | 40.00.00 | |
| 2 | Код системы | okso | ||
| 686 | a | Систематический индекс | 40.03.01 | |
| 2 | Код системы | okso | ||
| 700 | _1 | a | Фамилия | Воскобитова |
| b | Имя | Л.А. | ||
| g | Полное личное имя | Лидия Алексеевна | ||
| p | Наименование/ адрес организации | Московский государственный юридический университет им. О.Е. Кутафина | ||
| 801 | _0 | a | Страна | RU |
| b | Организация | Общество с ограниченной ответственностью «ЗНАНИУМ» | ||
| c | Дата составления | 20170303 | ||
| 2 | Код формата | rusmarc | ||
| 856 | 4_ | a | Внешний URL ресурс | znanium.com |
| m | Координаты для получения помощи по доступу | ebs_support@infra-m.ru | ||
| n | Название местонахождения сервера | НИЦ ИНФРА-М | ||
| u | URL | https://znanium.com/catalog/document?id=250483 | ||
| 856 | 41 | a | Внешний URL ресурс | znanium.com |
| d | Путь (Path) | /cover/0872 | ||
| f | Электронное имя | 872675.jpg | ||
| q | Тип электронного формата | image/jpeg | ||
| u | URL | https://znanium.com/cover/0872/872675.jpg |